[Event "HUN-chT BAZ megyei CSB 2223"]
[Site "Hungary"]
[Date "2022.09.25"]
[Round "1.2"]
[White "Landenberger, Laszlo"]
[Black "Heidrich, Mate"]
[Result "0-1"]
[WhiteElo "1886"]
[BlackElo "2028"]
[PlyCount "64"]
[EventDate "2022.09.25"]
[EventType "team-tourn"]
[EventRounds "9"]
[EventCountry "HUN"]
[SourceTitle "EXT 2025"]
[Source "ChessBase"]
[SourceDate "2024.10.14"]
[SourceVersion "1"]
[SourceVersionDate "2024.10.14"]
[SourceQuality "1"]
[WhiteTeam "Hidasnemeti VSC"]
[BlackTeam "Szirmabesenyo II"]
[WhiteTeamCountry "HUN"]
[BlackTeamCountry "HUN"]

1. e4 c5 2. Nc3 d6 3. Bc4 Nf6 4. d3 g6 5. f4 Bg7 6. Nf3 Nc6 7. a3 a6 8. h3 e6 9. Ne2 d5 10. exd5 exd5 11. Bb3 0-0 12. 0-0 Re8 13. Re1 b5 14. Nc3 Be6 15. Bd2 Qb6 16. Kh2 c4 17. Ba2 Bf5 18. Ne5 Nxe5 19. fxe5 Nh5 20. Qf3 Bxe5+ 21. Rxe5 Rxe5 22. g4 Qd6 23. Kg2 Rae8 24. gxh5 d4 25. Bf4 dxc3 26. Re1 Rxe1 27. Bxd6 R8e2+ 28. Kg3 Re3 29. Qxe3 Rxe3+ 30. Kf2 Rxh3 31. Kg2 cxd3 32. hxg6 hxg6 0-1

[Event "HUN-chT2 Barcza 1516"]
[Site "Hungary"]
[Date "2016.03.20"]
[Round "9.2"]
[White "Heidrich, Mate"]
[Black "Dovzik, Juri"]
[Result "0-1"]
[WhiteElo "2032"]
[BlackElo "2309"]
[PlyCount "20"]
[EventDate "2015.09.13"]
[EventType "team-tourn"]
[EventRounds "11"]
[EventCountry "HUN"]
[SourceTitle "EXT 2017"]
[Source "ChessBase"]
[SourceDate "2016.10.25"]
[SourceVersion "1"]
[SourceVersionDate "2016.10.25"]
[SourceQuality "1"]
[WhiteTeam "SSASSE"]
[BlackTeam "Kazincbarcika"]
[WhiteTeamCountry "HUN"]
[BlackTeamCountry "HUN"]

1. e4 c5 2. Nf3 e6 3. d4 cxd4 4. Nxd4 Nc6 5. Nc3 Qc7 6. Be2 a6 7. 0-0 Nf6 8. Be3 Bb4 9. f3 0-0 10. Bg5 Nxd4 0-1

[Event "HUN-chT2 Barcza 1516"]
[Site "Hungary"]
[Date "2015.09.13"]
[Round "1.2"]
[White "Papista, Akos"]
[Black "Heidrich, Mate"]
[Result "1/2-1/2"]
[WhiteElo "2127"]
[BlackElo "2021"]
[PlyCount "103"]
[EventDate "2015.09.13"]
[EventType "team-tourn"]
[EventRounds "11"]
[EventCountry "HUN"]
[SourceTitle "CBM 170 Extra"]
[Source "ChessBase"]
[SourceDate "2016.02.25"]
[SourceVersion "1"]
[SourceVersionDate "2016.02.25"]
[SourceQuality "1"]
[WhiteTeam "Tiszavasvar"]
[BlackTeam "SSASSE"]
[WhiteTeamCountry "HUN"]
[BlackTeamCountry "HUN"]

1. e4 c5 2. Nf3 d6 3. d4 cxd4 4. Nxd4 Nf6 5. Nc3 a6 6. f4 e6 7. a4 Be7 8. Be2 Nc6 9. Be3 0-0 10. 0-0 d5 11. exd5 exd5 12. Bf3 Bc5 13. Kh1 Qd6 14. Bg1 Rd8 15. Nce2 Bxd4 16. Nxd4 Ne4 17. Nxc6 bxc6 18. Bxe4 dxe4 19. Bb6 Qxd1 20. Raxd1 Rd5 21. Rxd5 cxd5 22. Rd1 Bb7 23. Kg1 Rc8 24. c3 Rc4 25. Ra1 Bc6 26. a5 f6 27. Kf2 Kf7 28. Ke3 Bb5 29. Rd1 Ke6 30. Rd4 Rxd4 31. Bxd4 Bc4 32. g4 g6 33. h4 h5 34. f5+ Kf7 35. Kf4 Be2 36. g5 gxf5 37. Kxf5 Bg4+ 38. Kf4 fxg5+ 39. Kxg5 Ke6 40. b4 Kd6 41. Kf6 Be2 42. Bc5+ Kc6 43. Ke5 Bd3 44. Be3 Be2 45. Bd4 Bd3 46. Ke6 Be2 47. Bf2 Bc4 48. Ke5 Bd3 49. Kd4 Be2 50. Bg3 Bf1 51. Be5 Bc4 52. Bf4 1/2-1/2

[Event "HUN-chT2 Barcza 1415"]
[Site "Hungary"]
[Date "2015.03.07"]
[Round "?"]
[White "Tordai, Akos"]
[Black "Heidrich, Mate"]
[Result "1/2-1/2"]
[WhiteElo "1762"]
[BlackElo "1969"]
[PlyCount "74"]
[EventDate "2014.09.07"]
[EventType "team-tourn"]
[EventRounds "11"]
[EventCountry "HUN"]
[SourceTitle "EXT 2016"]
[Source "ChessBase"]
[SourceDate "2015.10.08"]
[SourceVersion "1"]
[SourceVersionDate "2015.10.08"]
[SourceQuality "1"]
[WhiteTeam "Piremon"]
[BlackTeam "Miskolc Sakkiskola"]
[WhiteTeamCountry "HUN"]
[BlackTeamCountry "HUN"]

1. e4 c5 2. Nc3 Nc6 3. g3 g6 4. d3 Bg7 5. Be3 d6 6. Qd2 a6 7. Bg2 Rb8 8. Nge2 e6 9. 0-0 Nd4 10. Nd1 Ne7 11. c3 Nxe2+ 12. Qxe2 e5 13. f4 0-0 14. g4 f6 15. f5 g5 16. d4 cxd4 17. cxd4 Bd7 18. Nc3 b5 19. Rfd1 b4 20. Qc4+ Kh8 21. Nd5 Bb5 22. Qb3 Nxd5 23. Qxd5 Be2 24. Rdc1 Rb5 25. Qe6 Re8 26. Qf7 Re7 27. Qh5 Rb8 28. d5 Qa5 29. h4 gxh4 30. Qxh4 Rg8 31. Kf2 Bxg4 32. Rh1 Bh6 33. Qxf6+ Reg7 34. Bxh6 Qc5+ 35. Ke1 Qc4 36. Bxg7+ Rxg7 37. Qf8+ Rg8 1/2-1/2

[Event "HUN-chT2 Barcza 1415"]
[Site "Hungary"]
[Date "2015.03.01"]
[Round "?"]
[White "Galko, Tibor"]
[Black "Heidrich, Mate"]
[Result "1/2-1/2"]
[WhiteElo "1851"]
[BlackElo "1969"]
[PlyCount "40"]
[EventDate "2014.09.07"]
[EventType "team-tourn"]
[EventRounds "11"]
[EventCountry "HUN"]
[SourceTitle "EXT 2016"]
[Source "ChessBase"]
[SourceDate "2015.10.08"]
[SourceVersion "1"]
[SourceVersionDate "2015.10.08"]
[SourceQuality "1"]
[WhiteTeam "Edeleny"]
[BlackTeam "Miskolc Sakkiskola"]
[WhiteTeamCountry "HUN"]
[BlackTeamCountry "HUN"]

1. e4 d6 2. d4 g6 3. f4 Bg7 4. Nc3 e6 5. Nf3 Nc6 6. Be3 Nge7 7. Qd2 a6 8. Be2 0-0 9. 0-0 f5 10. e5 Nb4 11. Rad1 Nbd5 12. Bc4 Nxc3 13. Qxc3 d5 14. Be2 Nc6 15. b4 Qe7 16. Rb1 Bh6 17. h4 Bd7 18. Ng5 b5 19. Qc5 Bxg5 20. hxg5 Qxc5 1/2-1/2

[Event "HUN-chT2 Barcza 1415"]
[Site "Hungary"]
[Date "2015.01.25"]
[Round "7.9"]
[White "Heidrich, Mate"]
[Black "Kantor, Jozsef"]
[Result "1-0"]
[WhiteElo "1969"]
[BlackElo "1920"]
[PlyCount "125"]
[EventDate "2014.09.07"]
[EventType "team-tourn"]
[EventRounds "11"]
[EventCountry "HUN"]
[SourceTitle "EXT 2016"]
[Source "ChessBase"]
[SourceDate "2015.10.08"]
[SourceVersion "1"]
[SourceVersionDate "2015.10.08"]
[SourceQuality "1"]
[WhiteTeam "Miskolc Sakkiskola"]
[BlackTeam "Mezokovesd"]
[WhiteTeamCountry "HUN"]
[BlackTeamCountry "HUN"]

1. e4 c6 2. d4 d5 3. exd5 cxd5 4. c4 Nf6 5. Nc3 e6 6. Nf3 Be7 7. Bg5 0-0 8. Bd3 dxc4 9. Bxc4 Nc6 10. 0-0 h6 11. Bh4 a6 12. Rc1 Nb4 13. Qb3 b5 14. Be2 Bb7 15. Bxf6 gxf6 16. a3 Nd5 17. Nxd5 Bxd5 18. Qe3 Kh7 19. Bd3+ f5 20. Ne5 Bd6 21. g3 Kg7 22. Rc2 Rg8 23. f4 Qe7 24. Rfc1 Qb7 25. Be2 Rac8 26. Bf3 Rxc2 27. Rxc2 Rc8 28. Bxd5 exd5 29. Qd3 Bxe5 30. fxe5 Rxc2 31. Qxc2 Qd7 32. Kg2 f4 33. Qf2 fxg3 34. Qf6+ Kh7 35. hxg3 Qe6 36. Qf3 Kg6 37. g4 Kg5 38. Kg3 Kg6 39. Qf4 f6 40. Qe3 h5 41. gxh5+ Kxh5 42. Qf3+ Kg5 43. Qxf6+ Qxf6 44. exf6 Kxf6 45. Kf4 a5 46. b3 Ke6 47. Kg5 b4 48. axb4 axb4 49. Kg6 Ke7 50. Kf5 Kd6 51. Kf6 Kd7 52. Ke5 Kc6 53. Ke6 Kb6 54. Kxd5 Kb5 55. Ke6 Kc6 56. d5+ Kc5 57. d6 Kd4 58. d7 Kc3 59. d8Q Kxb3 60. Qd3+ Ka2 61. Qc2+ Ka3 62. Kd5 b3 63. Qb1 1-0

[Event "HUN-chT2 Barcza 1415"]
[Site "Hungary"]
[Date "2014.11.16"]
[Round "?"]
[White "Jakab, Benjamin"]
[Black "Heidrich, Mate"]
[Result "0-1"]
[WhiteElo "1796"]
[BlackElo "1969"]
[PlyCount "66"]
[EventDate "2014.09.07"]
[EventType "team-tourn"]
[EventRounds "11"]
[EventCountry "HUN"]
[SourceTitle "EXT 2016"]
[Source "ChessBase"]
[SourceDate "2015.10.08"]
[SourceVersion "1"]
[SourceVersionDate "2015.10.08"]
[SourceQuality "1"]
[WhiteTeam "Debrecen Sakkiskola"]
[BlackTeam "Miskolc Sakkiskola"]
[WhiteTeamCountry "HUN"]
[BlackTeamCountry "HUN"]

1. d4 Nf6 2. Bf4 g6 3. Nf3 Bg7 4. c4 d6 5. Nc3 Nbd7 6. g3 0-0 7. Bg2 Nh5 8. Be3 c6 9. 0-0 f5 10. Qd2 e5 11. Bh6 Qe7 12. Bxg7 Kxg7 13. e3 e4 14. Ne1 Nhf6 15. b4 Nb6 16. c5 Nc4 17. Qc1 d5 18. Nc2 h5 19. b5 h4 20. Nb4 Bd7 21. bxc6 bxc6 22. Na6 hxg3 23. hxg3 Ng4 24. Ne2 g5 25. Rd1 Qf6 26. Kf1 Nh2+ 27. Ke1 Nf3+ 28. Bxf3 exf3 29. Ng1 g4 30. Rd3 Qh6 31. Kd1 Qh2 32. Kc2 Qxf2+ 33. Kc3 Rae8 0-1

[Event "HUN-chT2 Barcza 1314"]
[Site "Hungary"]
[Date "2014.03.23"]
[Round "9"]
[White "Hando, Vilmos"]
[Black "Heidrich, Mate"]
[Result "1-0"]
[WhiteElo "2344"]
[BlackElo "1974"]
[PlyCount "55"]
[EventDate "2013.09.08"]
[EventType "team-tourn"]
[EventRounds "11"]
[EventCountry "HUN"]
[SourceTitle "EXT 2016"]
[Source "ChessBase"]
[SourceDate "2015.10.08"]
[SourceVersion "1"]
[SourceVersionDate "2015.10.08"]
[SourceQuality "1"]
[WhiteTeam "Kazincbarcika"]
[BlackTeam "Sajobabony"]
[WhiteTeamCountry "HUN"]
[BlackTeamCountry "HUN"]

1. d4 Nf6 2. Nf3 d5 3. c4 c6 4. Nc3 e6 5. Qc2 Bd6 6. Bg5 Nbd7 7. e3 h6 8. Bh4 b6 9. 0-0-0 0-0 10. Nd2 Bb7 11. e4 dxe4 12. Ndxe4 Be7 13. Nxf6+ Nxf6 14. Be2 Rc8 15. Bf3 Qc7 16. Kb1 Rfd8 17. g4 Qf4 18. Rd3 Rd7 19. Bg3 Qg5 20. h4 Qa5 21. Rdd1 Bd6 22. Bxd6 Rxd6 23. Rdg1 Nh7 24. g5 hxg5 25. hxg5 Nxg5 26. c5 Nxf3 27. Qh7+ Kf8 28. cxd6 1-0

[Event "HUN-chT2 Barcza 1213"]
[Site "Hungary"]
[Date "2013.02.17"]
[Round "7.4"]
[White "Toth, Levente"]
[Black "Heidrich, Mate"]
[Result "1-0"]
[WhiteElo "2003"]
[BlackElo "1891"]
[PlyCount "103"]
[EventDate "2012.09.16"]
[EventType "team-tourn"]
[EventRounds "11"]
[EventCountry "HUN"]
[SourceTitle "EXT 2014"]
[Source "ChessBase"]
[SourceDate "2013.11.20"]
[SourceVersion "1"]
[SourceVersionDate "2013.11.20"]
[SourceQuality "1"]
[WhiteTeam "Piremon"]
[BlackTeam "Sajoszentpeter"]
[WhiteTeamCountry "HUN"]
[BlackTeamCountry "HUN"]

1. e4 c5 2. c3 d6 3. d4 cxd4 4. cxd4 Nc6 5. Nc3 g6 6. h3 Bg7 7. Nf3 Nf6 8. d5 Ne5 9. Nxe5 dxe5 10. Be2 0-0 11. Be3 Ne8 12. 0-0 Nd6 13. Qb3 h6 14. Rac1 f5 15. f3 Bd7 16. Bc5 b6 17. Be3 f4 18. Bf2 g5 19. a4 h5 20. Nb5 Rf6 21. a5 Rb8 22. Nxa7 bxa5 23. Qc3 g4 24. Nc6 Bxc6 25. dxc6 Qc7 26. Ra1 gxh3 27. gxh3 Nf7 28. Rfc1 Ng5 29. Kh2 Qc8 30. Bf1 Qc7 31. h4 Ne6 32. Rxa5 Nd4 33. Bxd4 exd4 34. Qc4+ Kf8 35. b4 Rd6 36. Rf5+ Rf6 37. Rxf6+ Bxf6 38. b5 Qa5 39. c7 Rc8 40. Kh1 Be5 41. Qe6 Rxc7 42. Bc4 Rxc4 43. Qxc4 Qa3 44. Qc8+ Kf7 45. Qf5+ Bf6 46. Qxh5+ Kg7 47. Rg1+ Kf8 48. Qh6+ Ke8 49. Qg6+ Kd8 50. Qg8+ Kd7 51. Qd5+ Kc7 52. Qc6+ 1-0

[Event "HUN-chT2 Barcza 1213"]
[Site "Hungary"]
[Date "2013.01.27"]
[Round "6.4"]
[White "Heidrich, Mate"]
[Black "Kovacs, Tamas"]
[Result "1/2-1/2"]
[WhiteElo "1891"]
[BlackElo "2190"]
[PlyCount "131"]
[EventDate "2012.09.16"]
[EventType "team-tourn"]
[EventRounds "11"]
[EventCountry "HUN"]
[SourceTitle "EXT 2014"]
[Source "ChessBase"]
[SourceDate "2013.11.20"]
[SourceVersion "1"]
[SourceVersionDate "2013.11.20"]
[SourceQuality "1"]
[WhiteTeam "Sajoszentpeter"]
[BlackTeam "Miskolc EMSE"]
[WhiteTeamCountry "HUN"]
[BlackTeamCountry "HUN"]

1. d4 Nf6 2. c4 e6 3. Nc3 Bb4 4. Nf3 0-0 5. Bg5 c5 6. Rc1 d6 7. e3 Nbd7 8. Bd3 Qa5 9. a3 Bxc3+ 10. Rxc3 Re8 11. 0-0 e5 12. dxe5 dxe5 13. Bf5 Qb6 14. Qb1 Nf8 15. Bc2 Bg4 16. Nd2 Rad8 17. Rb3 Qe6 18. Ne4 b6 19. f3 Bh5 20. Nxf6+ gxf6 21. Bf5 Qxc4 22. Rc3 Qe2 23. Bxf6 Rd2 24. Bh3 Bxf3 25. Qf5 Bh5 26. Qg5+ Bg6 27. e4 Rd1 28. Rcf3 Rxf1+ 29. Rxf1 Qh5 30. Qxh5 Bxh5 31. Bf5 Bg6 32. Rd1 Ne6 33. Bxe5 Rd8 34. Rxd8+ Nxd8 35. g4 Kf8 36. Kf2 Ke7 37. Kf3 Nc6 38. Bc3 Bxf5 39. exf5 f6 40. Ke4 Nd8 41. Kd5 Nf7 42. Kc6 Nd8+ 43. Kc7 b5 44. h3 h6 45. h4 c4 46. Bd2 Nf7 47. Bb4+ Ke8 48. g5 fxg5 49. hxg5 hxg5 50. Kc6 a6 51. Bc3 Kd8 52. Bf6+ Kc8 53. Bd4 Kd8 54. f6 g4 55. Kb6 Kd7 56. Kxa6 Kc6 57. Bf2 Nd6 58. Ka5 Nf7 59. Kb4 Nd6 60. Bg3 Nf7 61. a4 bxa4 62. Kxc4 Kd7 63. Kb4 Ng5 64. Kxa4 Ne4 65. Bh4 g3 66. Bxg3 1/2-1/2

[Event "HUN-chT2 Barcza 1112 "]
[Site "Hungary"]
[Date "2011.11.13"]
[Round "3"]
[White "Heidrich, Mate"]
[Black "Hegedus, Gyorgy"]
[Result "0-1"]
[WhiteElo "1921"]
[BlackElo "2099"]
[PlyCount "88"]
[EventDate "2011.09.25"]
[EventType "team-tourn"]
[EventRounds "11"]
[EventCountry "HUN"]
[SourceTitle "EXT 2013"]
[Source "ChessBase"]
[SourceDate "2012.11.22"]
[SourceVersion "1"]
[SourceVersionDate "2012.11.22"]
[SourceQuality "1"]
[WhiteTeam "Sajoszentpeter"]
[BlackTeam "Debrecen Betu"]
[WhiteTeamCountry "HUN"]
[BlackTeamCountry "HUN"]

1. e4 e5 2. Nf3 Nc6 3. d4 exd4 4. Bc4 d6 5. Nxd4 Nf6 6. Nxc6 bxc6 7. Nc3 Be7 8. 0-0 0-0 9. Bg5 Nd7 10. Bxe7 Qxe7 11. f3 Ne5 12. Qe2 a5 13. Rfe1 Ng6 14. Qe3 Be6 15. Bxe6 fxe6 16. Ne2 e5 17. b3 a4 18. c4 c5 19. Red1 Qf7 20. Nc3 axb3 21. axb3 Nf4 22. Nd5 Ne6 23. Ra4 Rab8 24. Ra7 Rfc8 25. Rb1 Nd4 26. Qg5 Kf8 27. Qg4 h6 28. f4 exf4 29. Nxf4 Kg8 30. Rf1 Rf8 31. g3 Rxb3 32. Raa1 c6 33. Nh5 Rf3 34. Rxf3 Nxf3+ 35. Kg2 Ne5 36. Qe2 Nxc4 37. Ra6 Ne3+ 38. Kh3 Qe6+ 39. g4 Qxe4 40. Ng3 Rf3 41. Ra4 Rxg3+ 42. hxg3 Qh1+ 43. Qh2 Qf1+ 44. Kh4 g5+ 0-1

[Event "HUN-chT2 Barcza 1011"]
[Site "Hungary"]
[Date "2011.05.15"]
[Round "11.6"]
[White "Somodi, Krisztian"]
[Black "Heidrich, Mate"]
[Result "1/2-1/2"]
[WhiteElo "2020"]
[BlackElo "1929"]
[PlyCount "105"]
[EventDate "2010.09.12"]
[EventType "team-tourn"]
[EventRounds "11"]
[EventCountry "HUN"]
[SourceTitle "EXT 2012"]
[Source "ChessBase"]
[SourceDate "2011.11.24"]
[SourceVersion "1"]
[SourceVersionDate "2011.11.24"]
[SourceQuality "1"]
[WhiteTeam "DEAC"]
[BlackTeam "Sajoszentpeter"]
[WhiteTeamCountry "HUN"]
[BlackTeamCountry "HUN"]

1. e4 c5 2. Nc3 Nc6 3. g3 g6 4. Bg2 Bg7 5. d3 d6 6. Be3 e6 7. f4 Nge7 8. Nh3 0-0 9. 0-0 b6 10. Qd2 Rb8 11. Rae1 d5 12. Bf2 d4 13. Ne2 Bh6 14. g4 e5 15. g5 Bg7 16. Bg3 Be6 17. fxe5 Nxe5 18. Nhf4 Bg4 19. h3 Bxe2 20. Qxe2 Rc8 21. h4 c4 22. Nd5 Nxd5 23. exd5 cxd3 24. cxd3 Re8 25. Be4 Qd7 26. Bxe5 Bxe5 27. Qg2 Rc7 28. Re2 Qd6 29. Ref2 Rec8 30. Qg4 Rf8 31. h5 Qd7 32. Qxd7 Rxd7 33. hxg6 hxg6 34. Bxg6 Bg3 35. Rf5 Bh4 36. Bh5 Kg7 37. R1f4 Bg3 38. Rf3 Bd6 39. Bg4 Be7 40. Bh5 f6 41. gxf6+ Rxf6 42. Rg3+ Kh6 43. Rxf6+ Bxf6 44. Be8 Rg7 45. Rxg7 Bxg7 46. d6 Kg5 47. Kf2 Kf4 48. Ke2 Bf6 49. Kd2 Ke5 50. d7 Bd8 51. Kc2 Kd5 52. Kb3 Kc5 53. Ka3 1/2-1/2

[Event "HUN-chT2 Barcza 1011"]
[Site "Hungary"]
[Date "2010.10.24"]
[Round "4.4"]
[White "Heidrich, Mate"]
[Black "Visloczki, Jozsef"]
[Result "1-0"]
[WhiteElo "1929"]
[BlackElo "2049"]
[PlyCount "105"]
[EventDate "2010.09.12"]
[EventType "team-tourn"]
[EventRounds "11"]
[EventCountry "HUN"]
[SourceTitle "EXT 2012"]
[Source "ChessBase"]
[SourceDate "2011.11.24"]
[SourceVersion "1"]
[SourceVersionDate "2011.11.24"]
[SourceQuality "1"]
[WhiteTeam "Sajoszentpeter"]
[BlackTeam "Balkany"]
[WhiteTeamCountry "HUN"]
[BlackTeamCountry "HUN"]

1. e4 c5 2. Nf3 Nc6 3. Bb5 a6 4. Bxc6 dxc6 5. d3 g6 6. 0-0 Bg7 7. Nc3 Nf6 8. Be3 Nd7 9. Na4 b5 10. Nxc5 Nxc5 11. Bxc5 Bxb2 12. Rb1 Bg7 13. Nd2 0-0 14. Kh1 Bd4 15. Bxd4 Qxd4 16. Nb3 Qa4 17. Qd2 Qxa2 18. Qc3 Qa3 19. Qxc6 Be6 20. Ra1 Qd6 21. Qxd6 exd6 22. Nd4 Rfc8 23. Ra5 d5 24. e5 Rc5 25. Rfa1 Bc8 26. Rxb5 Rxb5 27. Nxb5 Bb7 28. Nd4 a5 29. Ra4 Kg7 30. Kg1 f6 31. e6 Kf8 32. Kf1 Ke7 33. f4 Bc8 34. Nb3 Kxe6 35. Rxa5 Rxa5 36. Nxa5 h5 37. Kf2 Kd6 38. Ke3 Kc5 39. Nb3+ Kd6 40. Kd4 Bb7 41. h4 Bc8 42. Nc5 Kc6 43. g3 Kd6 44. Na4 Kc6 45. Nc3 Be6 46. Nd1 Kd6 47. Ne3 Kc6 48. c4 dxc4 49. dxc4 Bf7 50. Nd5 f5 51. Nb4+ Kc7 52. c5 Be8 53. Ke5 1-0

[Event "HUN-chT2 Barcza 0910"]
[Site "Hungary"]
[Date "2010.02.14"]
[Round "6.5"]
[White "Heidrich, Mate"]
[Black "Kovacs, Laszlo"]
[Result "0-1"]
[WhiteElo "1900"]
[BlackElo "2106"]
[PlyCount "70"]
[EventDate "2009.11.08"]
[EventType "team-tourn"]
[EventRounds "11"]
[EventCountry "HUN"]
[SourceTitle "EXT 2011"]
[Source "ChessBase"]
[SourceDate "2010.11.26"]
[SourceVersion "1"]
[SourceVersionDate "2010.11.26"]
[SourceQuality "1"]
[WhiteTeam "SSASSE"]
[BlackTeam "HSSE"]
[WhiteTeamCountry "HUN"]
[BlackTeamCountry "HUN"]

1. e4 c5 2. Nf3 Nc6 3. Bb5 e6 4. 0-0 Nge7 5. c3 d5 6. exd5 Qxd5 7. d4 cxd4 8. Nxd4 Bd7 9. Be3 a6 10. Ba4 Rd8 11. Nd2 Nxd4 12. Bxd4 Nf5 13. Bb6 Rc8 14. Bxd7+ Qxd7 15. Nf3 Qb5 16. Qb3 Qxb3 17. axb3 Rc6 18. Ba7 Bc5 19. Bxc5 Rxc5 20. b4 Rb5 21. g4 Nd6 22. Rfd1 Ke7 23. Rd3 Nc4 24. b3 Ne5 25. Nxe5 Rxe5 26. Rad1 h5 27. Rd7+ Kf6 28. Rxb7 hxg4 29. Rdd7 Rf8 30. c4 Re1+ 31. Kg2 Rb1 32. Rd3 e5 33. Rc3 Rd8 34. h3 Rd2 35. hxg4 g5 0-1

[Event "HUN-chT2 Barcza 0910"]
[Site "Hungary"]
[Date "2010.01.31"]
[Round "5.6"]
[White "Heidrich, Mate"]
[Black "Bukta, Tamas"]
[Result "1-0"]
[WhiteElo "1900"]
[BlackElo "1982"]
[PlyCount "59"]
[EventDate "2009.11.08"]
[EventType "team-tourn"]
[EventRounds "11"]
[EventCountry "HUN"]
[SourceTitle "EXT 2011"]
[Source "ChessBase"]
[SourceDate "2010.11.26"]
[SourceVersion "1"]
[SourceVersionDate "2010.11.26"]
[SourceQuality "1"]
[WhiteTeam "SSASSE"]
[BlackTeam "Miskolc"]
[WhiteTeamCountry "HUN"]
[BlackTeamCountry "HUN"]

1. e4 c5 2. Nf3 Nc6 3. Bb5 e6 4. 0-0 Nge7 5. c3 a6 6. Bxc6 Nxc6 7. d4 cxd4 8. cxd4 d5 9. exd5 exd5 10. Re1+ Be7 11. Nc3 Bg4 12. Be3 0-0 13. h3 Bh5 14. g4 Bg6 15. Ne5 Nxe5 16. dxe5 Bb4 17. Rc1 Rc8 18. Qxd5 Qh4 19. Kh2 Rfd8 20. Qxb7 Rc4 21. Qf3 h5 22. Qg3 Qe7 23. gxh5 Bxh5 24. Bg5 f6 25. Bxf6 Qxf6 26. exf6 Bd6 27. fxg7 Bxg3+ 28. Kxg3 Rd2 29. Ne4 Rd3+ 30. Kh2 1-0

[Event "HUN-chT U18"]
[Site "Miskolc"]
[Date "2009.10.30"]
[Round "8.21"]
[White "Heidrich, Mate"]
[Black "Valyi, Adel"]
[Result "1-0"]
[WhiteElo "1900"]
[BlackElo "1638"]
[PlyCount "65"]
[EventDate "2009.10.26"]
[EventType "team-swiss"]
[EventRounds "8"]
[EventCountry "HUN"]
[SourceTitle "EXT 2016"]
[Source "ChessBase"]
[SourceDate "2015.10.08"]
[SourceVersion "1"]
[SourceVersionDate "2015.10.08"]
[SourceQuality "1"]

1. e4 c5 2. Nf3 d6 3. d4 cxd4 4. Nxd4 Nf6 5. Nc3 g6 6. Be3 Bg7 7. f3 0-0 8. Kf2 Nc6 9. Bc4 Bd7 10. Rf1 Rc8 11. Bb3 Ne5 12. Kg1 a6 13. Qe2 b5 14. Nd5 Nxd5 15. Bxd5 Nc4 16. Bxc4 bxc4 17. c3 e5 18. Nc2 f5 19. Rad1 f4 20. Bf2 Be6 21. Nb4 g5 22. Nxa6 Rf6 23. Nc5 Bf8 24. Nxe6 Rxe6 25. a4 Qe8 26. a5 Qb5 27. Ra1 Qa6 28. b4 Rh6 29. h3 Rh5 30. Rfb1 Rb8 31. b5 Rxb5 32. Qxc4+ Rd5 33. Qxa6 1-0

[Event "HUN-chT U18"]
[Site "Miskolc"]
[Date "2009.10.29"]
[Round "7.20"]
[White "Heidrich, Mate"]
[Black "Samok, Csaba"]
[Result "1-0"]
[WhiteElo "1900"]
[BlackElo "1644"]
[PlyCount "79"]
[EventDate "2009.10.26"]
[EventType "team-swiss"]
[EventRounds "8"]
[EventCountry "HUN"]
[SourceTitle "EXT 2016"]
[Source "ChessBase"]
[SourceDate "2015.10.08"]
[SourceVersion "1"]
[SourceVersionDate "2015.10.08"]
[SourceQuality "1"]

1. e4 e5 2. Nf3 Nc6 3. d4 exd4 4. Bc4 Na5 5. Qxd4 Nxc4 6. Qxc4 Be7 7. 0-0 d6 8. Nc3 Nf6 9. Bg5 0-0 10. Rad1 Be6 11. Qe2 Nd7 12. Bxe7 Qxe7 13. Nd4 Rac8 14. f4 Nb6 15. b3 a6 16. f5 Bd7 17. Qf3 f6 18. a4 c5 19. Nde2 Bc6 20. Nf4 Na8 21. Ne6 Rfe8 22. Qf4 Bd7 23. Rxd6 Bxe6 24. Rxe6 Qd7 25. Rd1 Qf7 26. Rxe8+ Rxe8 27. Qd6 Rc8 28. Rd5 b6 29. a5 Nc7 30. Rd1 bxa5 31. Qxc5 Qf8 32. Qxa5 Nb5 33. Nxb5 Qc5+ 34. Kh1 axb5 35. Rd8+ Kf7 36. Rxc8 Qxc8 37. Qd2 Qc6 38. Qd5+ Qxd5 39. exd5 Ke7 40. c4 1-0

[Event "HUN-chT U18"]
[Site "Miskolc"]
[Date "2009.10.26"]
[Round "1.3"]
[White "Petenyi, Tamas"]
[Black "Heidrich, Mate"]
[Result "1-0"]
[WhiteElo "2261"]
[BlackElo "1900"]
[PlyCount "57"]
[EventDate "2009.10.26"]
[EventType "team-swiss"]
[EventRounds "8"]
[EventCountry "HUN"]
[SourceTitle "EXT 2016"]
[Source "ChessBase"]
[SourceDate "2015.10.08"]
[SourceVersion "1"]
[SourceVersionDate "2015.10.08"]
[SourceQuality "1"]

1. e4 c5 2. Nf3 d6 3. d4 cxd4 4. Nxd4 Nf6 5. Nc3 a6 6. Be3 e5 7. Nb3 Be6 8. f3 Be7 9. Qd2 0-0 10. 0-0-0 a5 11. Bb5 Nc6 12. Qe2 Qc8 13. Kb1 Nb4 14. a3 Nc6 15. Nd5 Bxd5 16. exd5 Na7 17. Nxa5 Qc7 18. Nb3 Nxb5 19. Qxb5 Rfc8 20. Rd2 Nd7 21. Re1 f5 22. f4 Nf6 23. Bb6 Qb8 24. Rde2 Ne4 25. Qd7 Bf6 26. Qxf5 Ra6 27. Be3 Nc5 28. Bxc5 dxc5 29. fxe5 1-0